| 000 | 00609nam a22002297a 4500 | ||
|---|---|---|---|
| 005 | 20170124110049.0 | ||
| 010 | _a008975 | ||
| 020 | _c00.00 | ||
| 035 | _a008975 | ||
| 037 | _bCen Lib/Ret | ||
| 040 |
_aDPL _bEN |
||
| 082 |
_a796 _bPUR |
||
| 100 |
_aPuri, Narottam _924970 |
||
| 245 |
_aSports quiz / _cby Narottam Puri |
||
| 250 | _a4th ed. | ||
| 260 |
_aSahibabad _bVikas Publishing House _c1982 |
||
| 270 |
_a20/4,Industrial Area Sahibabad _bGhaziabad |
||
| 300 |
_a158p. _c17cm(Hb) |
||
| 650 |
_aSports _9107156 |
||
| 650 |
_aSports Quiz _924972 |
||
| 942 |
_2ddc _cEN _h796 _mPUR |
||
| 999 |
_c128968 _d128968 |
||